AP Brainrot Practice Exam - MCQ - Statistics

General Stats
  • This quiz has been taken 25 times
  • The average score is 8 of 15
Answer Stats
Question Answer % Correct
Which of the following statements BEST explain the purpose of mewing? To obtain a stronger jawline
100%
Which of the following did NOT result from the rise of looksmaxxing terminology? Increased support for the fat acceptance movement
76%
Which event is MOST responsible for the revival of the Low Taper Fade Meme? Ninja's dragging of the Low Taper Fade Meme
65%
Who of the following were responsible for the assassination of John Pork? Tim Cheese
59%
Which of these brainrot developments BEST led to the end of great meme depression? Ashton Hall's morning routine
53%
What of the following statements BEST explain why Vexbolts was left in 2024? Beliefs that Vexbolts needs to get a real job
53%
What is the BEST explanation of someone who is gurting? Doing something smart, but also very dangerous
53%
Which of the following actions by students MOST likely led to the belief that F students are the inventors? Students destroying their chromebooks
53%
Which of the following brainrot developments BEST depicts the precursor to the creation of the Fanum Tax Meme? The popularization of Kai Cenat
53%
Which of the following resulted from the migration of YouTube shorts users to TikTok? The increased production of cringe videos on TikTok
47%
Which of the following resulted from Jynxzi being caught gooning? The separation of Jynxzi and Breckie Hill
47%
Which of these historical brainrot figures were exposed for being 5'1"? PACKGOD
41%
Which of the following food items is MOST known for its $10 price? Bacon Egg and Cheese
29%
Which of these brainrot terms are correct placed in order from BEST to WORST? Owen, James, Kevin
18%
Which of the following actions does Luke Belmar MOST advocate for? Connecting and Brainstorming
12%
No matching quizzes found
Score Distribution
Percent of People with Each Score
Percentile by Number Answered
Your Score History
You have not taken this quiz